Socio-economic affecting the lives of migrant labour: a study of construction workers in Delhi (Record no. 501521)

000 -LEADER
fixed length control field 00504cam a22001457a 4500
008 - FIXED-LENGTH DATA ELEMENTS--GENERAL INFORMATION
fixed length control field 180718b1990 xxu||||| |||| 00| 0 eng d
082 ## - DEWEY DECIMAL CLASSIFICATION NUMBER
Classification number APPPA 89-90 SIN
100 ## - MAIN ENTRY--PERSONAL NAME
Personal name Singh, Balsharn
245 ## - TITLE STATEMENT
Title Socio-economic affecting the lives of migrant labour: a study of construction workers in Delhi
Statement of responsibility, etc. by Balsharn Singh
260 ## - PUBLICATION, DISTRIBUTION, ETC.
Place of publication, distribution, etc. New Delhi
Name of publisher, distributor, etc. Indian Institute of Public Administration
Date of publication, distribution, etc. 1990
300 ## - PHYSICAL DESCRIPTION
Extent 87p.
650 ## - SUBJECT ADDED ENTRY--TOPICAL TERM
Topical term or geographic name entry element Construction workers-Delhi
650 ## - SUBJECT ADDED ENTRY--TOPICAL TERM
Topical term or geographic name entry element Migrant labour
650 ## - SUBJECT ADDED ENTRY--TOPICAL TERM
Topical term or geographic name entry element Socio-economic
Holdings
Withdrawn status Lost status Damaged status Not for loan Permanent Location Current Location Date acquired Full call number Barcode Date last seen Price effective from Koha item type
        Indian Institute of Public Administration Indian Institute of Public Administration 2018-08-04 APPPA 89-90 SIN GR12380 2018-08-04 2018-08-04 GR

Powered by Koha